Statistics for Country flags with only red, white and blue

Click here to take the quiz!

General Stats

  • This quiz has been taken 31 times
  • The average score is 17 of 20

Answer Stats

Answer% Correct
United Kingdom
100%
Russia
100%
Australia
100%
New Zealand
100%
United States of America
100%
France
96%
Norway
93%
Luxembourg
93%
Netherlands
93%
Slovakia
93%
Iceland
93%
Nepal
89%
North Korea
89%
Chile
86%
Panama
86%
Cuba
82%
Thailand
82%
Taiwan
68%
Liberia
64%
Coasta Rica
0%

Score Distribution

Percentile by Number Answered

Percent of People with Each Score

Your Score History

You have not taken this quiz